000
00309nam a2200145Ia 4500
100
_a
Gilbert/Chris/ Williams/ L
942
_c
BK
654
_a
ABC'S
245
_a
ABC''''S Of 1-2-3-The
260
_b
B.P.B Pub.
_a
Delhi
_c
1988
082
_a
1.6
_b
Gil/Wil
300
_a
245
546
_a
ENGLISH
999
_c
18739
_d
18739